MARC

LEADER 00000nam0a2200000 4500
001 33008
005 20231101210131.0
010 |a 5724503425 
035 |a (RuTPU)RU\TPU\book\33323 
035 |a BOOK00000041 
090 |a 33008 
100 |a 20011210d1989 k y0rusy50 ca 
101 0 |a rus 
102 |a RU 
105 |a а z 001zy 
200 1 |a Электронная структура и свойства органических молекул  |f В. Ф. Травень 
210 |a Москва  |c Химия  |d 1989 
215 |a 383 с.  |c ил. 
320 |a Библиогр.: с. 371-384. 
606 1 |a Органические соединения  |x Электронная структура  |2 stltpush  |3 (RuTPU)RU\TPU\subj\75473  |9 87237 
610 1 |a химия 
610 1 |a молекулы 
610 1 |a свойства 
610 1 |a алканы 
610 1 |a орбитальная структура 
610 1 |a алкины 
610 1 |a ароматические углеводороды 
610 1 |a галогенпроизводные углеводородов 
610 1 |a кислород 
610 1 |a сера 
610 1 |a соединения 
610 1 |a азот 
610 1 |a гетероциклические соединения 
675 |a 547:544.16  |v 3 
700 1 |a Травень  |b В. Ф.  |g Валерий Федорович 
801 0 |a RU  |b 63413507  |c 20011210  |g PSBO 
801 2 |a RU  |b 63413507  |c 20161207  |g PSBO 
942 |c BK